000 00555nam a22001457a 4500
020 _a978-0-330-53243-3
082 _a823
_bSYK/F
100 _aSUKES, JULIE
245 _aFAIRY BEARS
260 _aLONDON
_bMAC MILLAN CHILDRENS BOOKS
_c2010
300 _a82
520 _aFairy Bears are the size of a bumble bee and live beneath a giant Sycamore tree in Firefly Meadow. Fairy Bears always do their best, working hard 'to care for the world and all its plants, animals and children. ' This is the Fairy Bear Promise.
650 _aSHORT STORY
942 _cBK
999 _c6493
_d6493